00338nam a2200133Ia 4500008004100000020001500041041001200056082001600068100001500084245004400099260003700143300000800180650001600188221030s9999 xx 000 0 und d a8125910247 aEnglish a105.23bJai aV. K. Jain 0aIntroduction to OOP & VBcby V. K. Jain bVikas Pub HouseaNew Delhic2001 a611 aBE Computer